KOHA-Header-6

PMP Exam Prep (Record no. 2027)

000 -LEADER
fixed length control field 00269nam a2200121Ia 4500
008 - FIXED-LENGTH DATA ELEMENTS--GENERAL INFORMATION
fixed length control field 190723s9999 xx 000 0 und d
100 ## - MAIN ENTRY--PERSONAL NAME
Personal name Rita Mulcahy
245 #0 - TITLE STATEMENT
Title PMP Exam Prep
250 ## - EDITION STATEMENT
Edition statement 7nth
260 ## - PUBLICATION, DISTRIBUTION, ETC. (IMPRINT)
Place of publication, distribution, etc India
Name of publisher, distributor, etc Diethelm PMP
Date of publication, distribution, etc 2016
300 ## - PHYSICAL DESCRIPTION
Extent 540:p
942 ## - ADDED ENTRY ELEMENTS (KOHA)
Koha item type Books
Holdings
Withdrawn status Lost status Damaged status Not for loan Collection code Permanent Location Current Location Shelving location Date acquired Full call number Barcode Date last seen Price effective from Koha item type
        Management MAJU MAJU   2019-07-23 658.404 8650 2019-07-23 2019-07-23 Management

Powered by Koha